HCI International 2003 : adjunct proceedings : 10th International Conference on Human-Computer Interaction in cooperation with Symposium on Human Interface (Japan) 2003, 5th International Conference on Engineering Psychology and Cognitive Ergonomics, 2nd Interantional Conference on Universal Access in Human-Computer Interaction, 22-27 June 2003, Creete, Greece
Αποθηκεύτηκε σε:
| Συγγραφή απο Οργανισμό/Αρχή: | |
|---|---|
| Άλλοι συγγραφείς: | |
| Μορφή: | Πρακτικό Συνεδρίου Βιβλίο |
| Γλώσσα: | English |
| Δημοσίευση: |
Heraklion :
Crete University Press,
2003
|
| Θέματα: | |
| Ετικέτες: |
Προσθήκη ετικέτας
Δεν υπάρχουν, Καταχωρήστε ετικέτα πρώτοι!
|
MARC
| LEADER | 00000cam a2200000 i 4500 | ||
|---|---|---|---|
| 001 | 1/13889 | ||
| 008 | 110623s2003 eng d | ||
| 020 | |a 960-524-166-8 | ||
| 035 | |l 10110368 | ||
| 040 | |a GR-MY-UA |b gre |e aacr | ||
| 041 | 0 | |a eng | |
| 082 | 0 | |a 004.019 |2 (22) | |
| 245 | 1 | 0 | |a HCI International 2003 : |b adjunct proceedings : 10th International Conference on Human-Computer Interaction in cooperation with Symposium on Human Interface (Japan) 2003, 5th International Conference on Engineering Psychology and Cognitive Ergonomics, 2nd Interantional Conference on Universal Access in Human-Computer Interaction, 22-27 June 2003, Creete, Greece / |c Edited by Constantine Stephanidis |
| 260 | |a Heraklion : |b Crete University Press, |c 2003 | ||
| 300 | |a xiii, 304 σ.; |c 24 εκ. | ||
| 504 | |a Περιλαμβάνει βιβλιογραφίες και ευρετήριο | ||
| 650 | 0 | 0 | |a Human-computer interaction |x Congresses. |
| 650 | 0 | 0 | |a Human-computer interaction |x Abstracts. |
| 700 | 1 | |a Στεφανίδης, Κώστας. |4 edt | |
| 711 | 2 | |a International Conference on Human-Computer Internaction |n (10th: |d 2003: |c Crete, Greece) | |
| 852 | |a INST |b SYROS |e 20110706 |h 004.019 HCI |p 005500009614 |q 005500009614 |t BK |y 0 | ||
| 852 | |a INST |b SYROS |e 20110706 |h 004.019 HCI |p 005500009615 |q 005500009615 |t BK |y 0 | ||
| 901 | |a BIBL5-2011-2 | ||
| 909 | |a Ε |b 165628 | ||
| 909 | |a Ε |b 165629 | ||
| 970 | |a ΚΟΝΤΟΥ |b ΠΑΡΑΣΚΕΥΗ |z 2011/06/23 | ||